[Event "Valby K41 op 0607"]
[Site "Valby"]
[Date "2007.02.20"]
[Round "9"]
[White "Akdag, Dara Sevkan"]
[Black "Hjortkjaer, Rolf"]
[Result "1/2-1/2"]
[WhiteElo "1910"]
[BlackElo "1754"]
[PlyCount "105"]
[EventDate "2006.11.14"]
[EventType "swiss"]
[EventRounds "9"]
[EventCountry "DEN"]
[SourceTitle "EXT 2018"]
[Source "ChessBase"]
[SourceDate "2017.10.13"]
[SourceVersion "1"]
[SourceVersionDate "2017.10.13"]
[SourceQuality "1"]

1. d4 d5 2. c4 c6 3. Nc3 e6 4. e4 dxe4 5. Nxe4 Nf6 6. Nxf6+ Qxf6 7. Nf3 h6 8. Bd3 b6 9. 0-0 Bb7 10. Qb3 Be7 11. Be3 Nd7 12. Rfe1 0-0 13. Bc2 Rfd8 14. Rad1 Bf8 15. h3 c5 16. Nh2 g6 17. Ng4 Qh8 18. a3 h5 19. Nh2 cxd4 20. Bxd4 Bg7 21. Qe3 Bxd4 22. Rxd4 Qf6 23. b4 Nf8 24. Red1 Rxd4 25. Qxd4 Kg7 26. Nf1 Qxd4 27. Rxd4 Rc8 28. Ne3 Rc7 29. Kf1 Rd7 30. Rxd7 Nxd7 31. Ke2 Kf6 32. Kd2 Ke5 33. Ba4 Kd6 34. Kc3 Bc6 35. Bb3 f6 36. Bc2 g5 37. Bd1 h4 38. Kd4 Bb7 39. f3 Bc6 40. c5+ bxc5+ 41. bxc5+ Kc7 42. Bb3 Nf8 43. Bc2 e5+ 44. Kc4 Ne6 45. Bf5 Nf4 46. Be4 Kb7 47. a4 Kc7 48. a5 Kd7 49. a6 Kc7 50. Bxc6 Kxc6 51. Nc2 Nxg2 52. Nb4+ Kd7 53. Nd5 1/2-1/2